Premier League Managers Stats 2015-16 Quiz Stats

 Plays Quiz not verified by Sporcle

Challenge
Share
Tweet
Embed
Score 0/140 Timer 20:00
0 Plays Today
Hint Answer % Correct
ArsenalArsene Wenger
97.5%
NewcastleNone
93.8%
Norwich CityNone
93.8%
Sunderland None
93.8%
WatfordNone
93.8%
ArsenalAlexis Sanchez
89.1%
ChelseaJose Mourinho
87.7%
ArsenalMesut Ozil
87.1%
ArsenalArsenal
86.3%
Arsenal1996
85.7%
ChelseaDiego Costa
82.9%
ChelseaDiego Costa
82.9%
Chelsea2013
82.1%
Everton2013
82.1%
Man City2013
82.1%
Stoke City2013
82.1%
Aston VillaTim Sherwood
81.5%
Aston Villa2015
81.5%
LiverpoolBrendan Rodgers
81.5%
Man United2014
81.5%
Newcastle2015
81.5%
Norwich City2015
81.5%
Southampton2014
81.5%
Sunderland 2015
81.5%
Swansea City2014
81.5%
Tottenham Hotspur2014
81.5%
Tottenham HotspurTim Sherwood
81.5%
Watford2015
81.5%
WBA2015
81.5%
West Ham United2015
81.5%
Crystal Palace2015
81.5%
Crystal PalaceAlan Pardew
81.2%
Aston VillaChristian Benteke
80.1%
Bournemouth2011
80.1%
Leicester City2011
80.1%
Liverpool2012
79.8%
ChelseaChelsea
79.3%
EvertonRoberto Martinez
79.3%
Man UnitedLouis van Gaal
78.2%
SouthamptonGraziano Pelle
78.2%
SouthamptonGraziano Pelle
78.2%
Man CityManuel Pellegrini
77%
EvertonSwansea City
74.2%
EvertonDavid Moyes
74.2%
EvertonSwansea City
74.2%
Man UnitedDavid Moyes
74.2%
Man CitySergio Aguero
73.7%
Hint Answer % Correct
Swansea CitySwansea
73.7%
Swansea CitySwansea
73.7%
Aston VillaTottenham Hotspur
73.4%
EvertonRomelu Lukaku
73.4%
EvertonRomelu Lukaku
73.4%
Aston VillaTottenham Hotspur
73.4%
Man UnitedWayne Rooney
73.1%
BournemouthEddie Howe
71.1%
Stoke CityTony Pulis
71.1%
WBATony Pulis
71.1%
Man UnitedMan United
70.6%
Stoke CityMark Hughes
70.3%
SouthamptonRonald Koeman
69.7%
Leicester CityNigel Pearson
69.5%
SouthamptonSouthampton
68.9%
SouthamptonMauricio Pochettino
68.9%
Tottenham HotspurMauricio Pochettino
68.9%
Tottenham HotspurSouthampton
68.9%
West Ham UnitedWest Ham United
67.2%
Tottenham HotspurHarry Kane
66.7%
Swansea CityGarry Monk
66.4%
Aston VillaPaul Lambert
64.7%
LiverpoolSteven Gerrard
64.4%
Man CityMan City
64.4%
ChelseaRafa Benitez
63.6%
Man UnitedAngel Di Maria
63%
Man UnitedAjax
62.7%
West Ham UnitedSlaven Bilic
62.2%
NewcastleSteve McClaren
61.9%
West Ham UnitedSam Allardyce
61.1%
BournemouthBournemouth
60.8%
Leicester CityLeonardo Ulloa
60.8%
Leicester CityLeonardo Ulloa
60.8%
BournemouthBournemouth
60.8%
WBABournemouth
60.8%
WBABournemouth
60.8%
NewcastleChris Martin
59.9%
Swansea CityWilfried Bony
59.9%
Man CityRoberto Mancini
58%
Sunderland Dick Advocaat
57.4%
LiverpoolWatford
56.3%
LiverpoolWatford
56.3%
WatfordWatford
56.3%
Sunderland Sunderland
56%
BournemouthCallum Wilson
53.2%
LiverpoolKenny Dalglish
52.9%
Norwich CityNorwich City
52.9%
Hint Answer % Correct
Norwich CityAlex Neil
51.3%
Sunderland Gus Poyet
50.7%
WBASaido Berahino
49.6%
Crystal PalaceNeil Warnock
49%
Swansea CityMichael Laudrup
48.5%
Stoke CityMame Biram Diouf
47.6%
WatfordQuique Flores
46.8%
West Ham UnitedDemba Ba
45.7%
Crystal PalaceWilfried Zaha
43.7%
Crystal PalaceDwight Gayle
43.7%
NewcastleJohn Carver
42.3%
NewcastleMiddlesbrough
40.6%
NewcastleMiddlesbrough
40.6%
Stoke CityBlackburn Rovers
40.6%
LiverpoolRoberto Firmino
39.8%
Sunderland Connor Wickham
36.7%
Man CityFernandinho
35%
ArsenalBruce Rioch
34.7%
Norwich CityCameron Jerome
33.6%
West Ham UnitedDimitri Payet
31.1%
BournemouthTyrone Mings
30.3%
Crystal PalaceReading
27.7%
Crystal PalaceReading
27.7%
ChelseaBenfica
26.6%
WBAAlan Irvine
26.6%
Tottenham HotspurEspanyol
21.6%
Norwich CityNeil Adams
20.7%
Norwich CityHamilton Academical
20.2%
Stoke CityWales
19.9%
WatfordSlavisa Jokanovic
19.9%
Aston VillaScott Sinclair
15.4%
Leicester CitySven-Göran Eriksson
14.6%
Swansea CityFederico Fernandez
9.8%
Tottenham HotspurFederico Fazio
9.5%
ArsenalNancy
8.1%
Leicester CityCarlisle United
7.3%
Leicester CityCarlisle United
7.3%
WBAJames McClean
7.3%
Man CityUniversidad de Chile
6.7%
SouthamptonVitesse
6.7%
Stoke CityJoselu
6.4%
West Ham UnitedHajduk Split
6.4%
WatfordGetafe
4.5%
BournemouthPaul Groves
3.1%
Sunderland HFC Haarlem
1.4%
WatfordAlvaro
1.4%

You're not logged in!

Compare scores with friends on all Sporcle quizzes.
Join for Free
OR
Log In

You Might Also Like...

Show Comments

Extras

Top Quizzes Today


Score Distribution

Your Account Isn't Verified!

In order to create a playlist on Sporcle, you need to verify the email address you used during registration. Go to your Sporcle Settings to finish the process.

Report this User

Report this user for behavior that violates our Community Guidelines.

Details: